000 00513nam a2200181Ia 4500
005 20250326143202.0
008 250326s9999 xx 000 0 und d
037 _aTextbook
040 _aFMSL
_beng
_cFMSL
041 _aeng
_2eng
084 _aY48 P4
_qFMSL
100 _aDubrin A
_9747330
245 0 _aLeadership research findings, practice, and skills
_cDubrin A
260 _aNew York
_bNew York, Houghton mifflin
_c2004
300 _a538p
942 _cTB
_hY48 P4
999 _c1298499
_d1298499